Strategic management theory : (Record no. 200454)
[ view plain ]
| 000 -LEADER | |
|---|---|
| fixed length control field | 00832nam a2200241Ia 4500 |
| 005 - DATE AND TIME OF LATEST TRANSACTION | |
| control field | 20220512152347.0 |
| 008 - FIXED-LENGTH DATA ELEMENTS--GENERAL INFORMATION | |
| fixed length control field | 210716s2001 xx 000 0 und d |
| 020 ## - INTERNATIONAL STANDARD BOOK NUMBER | |
| International Standard Book Number | 8185502579 |
| 040 ## - CATALOGING SOURCE | |
| Transcribing agency | AIMIT LIBRARY |
| 041 ## - LANGUAGE CODE | |
| Language code of text/sound track or separate title | eng |
| 082 ## - DEWEY DECIMAL CLASSIFICATION NUMBER | |
| Classification number | 658.4012 |
| Edition number | 3 |
| Item number | HILC |
| 100 ## - MAIN ENTRY--PERSONAL NAME | |
| Personal name | Hill, Charles W L. |
| 9 (RLIN) | 36444 |
| 245 ## - TITLE STATEMENT | |
| Title | Strategic management theory : |
| Remainder of title | an integrated approch / |
| Statement of responsibility, etc. | By Charles W. L. and Gareth R. Jones |
| 250 ## - EDITION STATEMENT | |
| Edition statement | 3rd ed. |
| 260 ## - PUBLICATION, DISTRIBUTION, ETC. | |
| Place of publication, distribution, etc. | Boston : |
| Name of publisher, distributor, etc. | Houghton mifflin Company , |
| Date of publication, distribution, etc. | 1998. |
| 260 ## - PUBLICATION, DISTRIBUTION, ETC. | |
| Place of publication, distribution, etc. | Chennai |
| Name of publisher, distributor, etc. | All India Publishers & Distributors Regd. |
| Date of publication, distribution, etc. | 1998. |
| 300 ## - PHYSICAL DESCRIPTION | |
| Extent | xxii, 436p. I-10 |
| Dimensions | 24 cm. |
| 650 ## - SUBJECT ADDED ENTRY--TOPICAL TERM | |
| Topical term or geographic name entry element | Strategic Management |
| 9 (RLIN) | 36445 |
| 650 ## - SUBJECT ADDED ENTRY--TOPICAL TERM | |
| Topical term or geographic name entry element | Nature of Competitive Advantage |
| 9 (RLIN) | 36446 |
| 650 ## - SUBJECT ADDED ENTRY--TOPICAL TERM | |
| Topical term or geographic name entry element | Implementing Strategy |
| 9 (RLIN) | 36447 |
| 700 ## - ADDED ENTRY--PERSONAL NAME | |
| Personal name | Jones, Gareth R. |
| 9 (RLIN) | 36448 |
| 942 ## - ADDED ENTRY ELEMENTS (KOHA) | |
| Source of classification or shelving scheme | Dewey Decimal Classification |
| Koha item type | Book |
| Edition | 3rd ed. |
| Call number prefix | 658.4012 HILC |
| Withdrawn status | Lost status | Source of classification or shelving scheme | Damaged status | Not for loan | Collection code | Home library | Current library | Date acquired | Cost, normal purchase price | Inventory number | Total Checkouts | Full call number | Barcode | Date last seen | Cost, replacement price | Price effective from | Koha item type |
|---|---|---|---|---|---|---|---|---|---|---|---|---|---|---|---|---|---|
| Dewey Decimal Classification | MBA | St Aloysius Institute of Management & Information Technology | St Aloysius Institute of Management & Information Technology | 01/30/2006 | 250.00 | Bill no:1513; Bill dt:2006-01-13 | 658.4012 HILC | MBA03019 | 05/23/2026 | 200.00 | 07/16/2021 | Book | |||||
| Dewey Decimal Classification | MBA | St Aloysius Institute of Management & Information Technology | St Aloysius Institute of Management & Information Technology | 01/30/2006 | 250.00 | Bill no:1513; Bill dt:2006-01-13 | 658.4012 HILC | MBA03020 | 05/23/2026 | 200.00 | 07/16/2021 | Book | |||||
| Dewey Decimal Classification | Reference Book | MBA | St Aloysius Institute of Management & Information Technology | St Aloysius Institute of Management & Information Technology | 01/30/2006 | 250.00 | Bill no:1513; Bill dt:2006-01-13 | 658.4012 HILC | MBA03021 | 07/21/2025 | 200.00 | 07/16/2021 | Book | ||||
| Dewey Decimal Classification | MBA | St Aloysius Institute of Management & Information Technology | St Aloysius Institute of Management & Information Technology | 09/10/2009 | 250.00 | Bill no:; Bill dt:2007-09-10 | 658.4012 HILC | MBA04523 | 05/23/2026 | 250.00 | 07/16/2021 | Book |